00149 a2200073 45000010005000001000016000052450043000212600011000647943 aNayler, J L aDictionary of Aeronautical engineering abNec